| 000 | 00984nam a2200289 i 4500 | ||
|---|---|---|---|
| 003 | EG-GICUC | ||
| 005 | 20260406084741.0 | ||
| 008 | 260406s1984 uk||||fr|||| 000 0 fre d | ||
| 040 |
_aEG-GiCUC _bfre _cEG-GiCUC _dEG-GiCUC _eRda |
||
| 082 | 0 | 4 |
_221 _a341.3 _bLA . C |
| 092 | 0 | 4 | _221 |
| 099 | _aLaw1 11 341.3 LA . C 1984 | ||
| 100 | 1 |
_aLalive, Jean-flavien _eAuteur |
|
| 245 | 1 | 0 |
_aContrats Entre États Ou Entreprises Étatiques Et Personnes Privées Développements Récents / _b _cJean-flavien Lalive. _n |
| 264 | 1 |
_aThe Hague : _bMartinus Nijhoff Publishers, _c1984. |
|
| 300 |
_a283page : _billustration ; _c 24 cm. |
||
| 336 |
_2rda contenu _a texte |
||
| 337 |
_2rda medias _aOrdinateur |
||
| 338 |
_2 transporteur rda _a Ressource en ligne |
||
| 504 | _a | ||
| 546 | _aTexte en français | ||
| 650 | 1 | 4 |
_aDroit international public _2 |
| 651 | 1 | _2 | |
| 856 | 4 | 0 | _uhttps://fll.law.cu.edu.eg/fulltext/bks/B11-06744.pdf |
| 905 | _a50 | ||
| 942 |
_2ddc _cBK _e21 _n0 |
||
| 999 |
_c69233 _d69233 |
||